Zdjęcia satelitarne - Wielka Brytania - Statystyki

Ogólne statystyki
  • Ten quiz został rozwiązany 129 razy
    91 od ostatniego zresetowania
  • Średni wynik to 6 z 16
Statystyki odpowiedzi
Obrazkowy Hint Odpowiedź % Poprawnych
Miasto Londyn
100%
"Kraj" Walia
99%
Wyspa Man
77%
Zbiornik wodny La Manche
70%
Kraina historyczno-geograficzna Kornwalia
53%
Archipelag Szetlandy
34%
Wyspa Wight
25%
Archipelag Orkady
22%
Archipelag Hebrydy Zewnętrzne
21%
Miasto Belfast
19%
Miasto Cardiff
18%
Hrabstwo Kent
16%
Region {Lake} District
9%
Rzeka Mersey
9%
Wyspa Anglesey
6%
Rzeka Humber
6%
Nie znaleziono quizów pasujących do podanych kryteriów
Rozkład punktacji
Procent ludzi z każdym wynikiem
Percentyl według liczby udzielonych odpowiedzi
Twoja historia wyników
Nie rozwiązałeś tego quizu od ostatniego zresetowania